Представление документа в формате MARC21

Поле Инд. ПП Название Значение
Тип записи a
Библиографический уровень m
001 Контрольный номер RU/IS/BASE/483449872
005 Дата корректировки 20260605112557.1
020 a ISBN 978-5-394-01078-1
080 a Индекс УДК 005.6(075.8)
080 a Индекс УДК 658.562(075.8)
090 a Полочн. индекс 658
x Авторский знак М 69
097 b Оператор *Ир*
100 1_ a Автор Михеева Е.Н.
245 10 a Заглавие Управление качеством
b Продолж. заглавия учебник для вузов по группе специальностей "Экономика и управление"
b Продолж. заглавия в составе учебно-методического комплекса
250 a Основные сведения об издании 2-е изд., доп. и испр.
260 a Место издания Москва
b Издательство Дашков и К
c Дата издания 2017
440 _0 a Серия УМК-У
516 8_ a Прим. о типе комп. файла/ данных Текст : электронный
a Прим. о типе комп. файла/ данных Режим доступа: по подписке
a Прим. о типе комп. файла/ данных Дата обращения: 07.07.2022
520 0_ a Аннотация В учебнике рассматриваются сущность качества и менеджмента качества; эволюция форм и методов управления качеством; современные системы и методы менеджмента; разработка и внедрение систем менеджмента качества в соответствии с требованиями стандартов ИСО серии 9000; аудит и сертификация систем менеджмента качества; роль статистических методов в управлении качеством; затраты на качество продукции. Особое внимание уделяется нерешенным проблемам, связанным с управлением качеством продукции в различных сферах. Для студентов бакалавриата, слушателей факультетов повышения квалификации, а также специалистов.
535 1_ a Хранилище ЭБС Лань
583 a Действие Приписка : УМК
653 0_ a Ключевые слова Затраты
a Ключевые слова Качество продукции
a Ключевые слова Контроль качества
a Ключевые слова Менеджмент качества
a Ключевые слова Оценка качества
a Ключевые слова Управление качеством
700 12 a Другие авторы Сероштан М.В.
773 18 w Контрольный № источника 30089670bb88478cbd9ada0122378322
856 40 u URL https://e.lanbook.com/book/93411
901 t Тип документа m
905 a Дата создания записи 21.04.20
c Дата приписки 05.06.26